000 01574nam a22002657a 4500
001 BRCA_9228
003 FranzMayer
005 20220921134206.0
008 220912b |||||||| |||| 00| 0 eng d
020 _a9788417419615
040 _bspa
_cMFM
041 _aspa
050 _aNE1325. G45
_bE88 2020
245 _aEstampas del Japón mítico :
_bGekkō Zuihitsu /
_ced. V. David Almazán Tomás
260 _aEspaña :
_bSatori,
_c2020
300 _a153 p. :
_bil. ;
_c17 x 24 cm.
490 _aSatori Arte
500 _aUbicación: L60-N1
500 _aÍndice de estampas de Gekkō Zuihitsu: pp. 151-153
520 _aA finales del siglo XIX, cuando Japón se abría al mundo tras siglos de aislamiento abrazando con entusiasmo la modernización y la industrialización, un joven artista llamado Ogata Gekkō de formación autodidacta revolucionó el panorama artístico japonés creando un nuevo estilo de grabado ukiyo-e que sintonizaba con los gustos de quienes miraban con nostalgia cómo el Japón tradicional.La serie Gekkō Zuihitsu (Ensayos de Gekkō), que comenzó a publicarse en 1887, está formada por cuarenta y siete estampas de gran calidad, una por cada letra del alfabeto japonés, que retratan dioses, dragones, emperadores, princesas, poetas, samuráis, monjes y un amplio repertorio de personajes y tradiciones niponas.
600 _aOgata, Gekkō,‏
_d1859-1920
_vCatálogo
_xArte
_zJapón
_928548
650 _aUkiyoe
_xArte
_xGrabado
_zJapón
_928547
942 _2lcc
_cB
999 _c10847
_d10847